000 00295nam a22001337a 4500
008 171017b xxu||||| |||| 00| 0 eng d
020 _a0393952088
041 _aeng
080 _24TH
_a330.101.542
100 _a52
101 _aMIK
245 _aMICROECONOMICS
_cMANSFIELD,E
942 _2udc
_cBK
999 _c34420
_d34420